Foro Mayaelo, Construir Comunidades. Un guón sobre la construcción de sensibilidades artísticas. /[Documento Electrónico]

Guardat en:
Dades bibliogràfiques
Autor principal: Cuervo, Fernando
Format: Llibre
Idioma:Spanish
Publicat: Bogotá: Instituto para la Investigación Educativa y Desarrollo Pedagógico, IDEP. 2010.
Matèries:
Accés en línia:Para acceder al PDF haga clic aquí
Etiquetes: Afegir etiqueta
Sense etiquetes, Sigues el primer a etiquetar aquest registre!

MARC

LEADER 00000nam a22000007a 4500
003 OSt
005 20181011160012.0
008 170912b2010 ck ||||| |||| 00| 0 spa d
999 |c 5454  |d 5454 
020 |a 9789588066820 
040 |c CNA-IDEP 
082 |a 371.102  |b C965f 
100 1 |9 4482  |a Cuervo, Fernando 
245 1 0 |a Foro Mayaelo, Construir Comunidades.  |b Un guón sobre la construcción de sensibilidades artísticas. /[Documento Electrónico]  |c Fernando Cuervo. 
260 |a Bogotá:  |b Instituto para la Investigación Educativa y Desarrollo Pedagógico, IDEP.  |c 2010. 
300 |a 40 p.:  |b iIustraciones; 
504 |a Contiene referencias bibliográficas. 
650 1 0 |9 4487  |a Docencia  
650 1 0 |9 2177  |a Comunidad y escuela 
650 0 |9 3953  |a Investigaciones  |x Educación 
856 |u http://biblioteca.idep.edu.co/libros/Foro_Mayaelo.pdf  |y Para acceder al PDF haga clic aquí  
942 |2 ddc  |c BK